Govt. of
Madhya Pradesh

भारतीय समाज की समस्‍याऍं और प्रेमचन्‍द (Record no. 57038)

MARC details
000 -LEADER
fixed length control field 00554nam a22001457a 4500
003 - CONTROL NUMBER IDENTIFIER
control field MACL
005 - DATE AND TIME OF LATEST TRANSACTION
control field 20170917123343.0
008 - FIXED-LENGTH DATA ELEMENTS--GENERAL INFORMATION
fixed length control field 170917b xxu||||| |||| 00| 0 eng d
040 ## - CATALOGING SOURCE
Transcribing agency MACL
100 ## - MAIN ENTRY--PERSONAL NAME
Personal name श्रीवास्‍तव, जितेन्‍द्र
9 (RLIN) 69129
245 ## - TITLE STATEMENT
Title भारतीय समाज की समस्‍याऍं और प्रेमचन्‍द
260 ## - PUBLICATION, DISTRIBUTION, ETC. (IMPRINT)
Place of publication, distribution, etc. दिल्‍ली
Name of publisher, distributor, etc. उमेश लेजर प्रिंट्रस
Date of publication, distribution, etc. 2010
650 ## - SUBJECT ADDED ENTRY--TOPICAL TERM
Topical term or geographic name as entry element रचनावली
9 (RLIN) 163
942 ## - ADDED ENTRY ELEMENTS (KOHA)
Source of classification or shelving scheme
Koha item type Hindi Books
Holdings
Withdrawn status Lost status Source of classification or shelving scheme Damaged status Not for loan Home library Current library Date acquired Cost, normal purchase price Total Checkouts Full call number Barcode Date last seen Date last checked out Price effective from Koha item type
          MACL MACL 17/09/2017 135.00 2 800/PRE CRH025774 08/01/2019 29/12/2018 17/09/2017 Hindi Books